000
00322nam a2200145Ia 4500
008
150301s2015 xx 000 0 und d
082
_a
510
_b
P12J
100
_a
JAIN, N.K
245
_a
PHARMACEUTICAL ARITHMETIC
250
_a
2ND
260
_b
AITBS DELHI
300
_a
106
650
_a
PHARMACEUTICS
942
_2
ddc
_c
BK
999
_c
7277
_d
7277